| 000 | 01294nam a2200241Ii 4500 | ||
|---|---|---|---|
| 003 | JO-AjNU | ||
| 005 | 20240605114920.0 | ||
| 008 | 230605s9999||||xx |||||||||||||| ||und|| | ||
| 040 |
_aJO-AjNU _bara _erda _cJO-AjNU |
||
| 041 | _aara | ||
| 050 |
_aHG4028 _b2023 |
||
| 100 | 1 |
_aالدباس، هديل محمود _965222 _eمعد |
|
| 245 | 0 |
_aاثر انماط التدفقات النقدية والتدفقات النقدية الحرة على توزيعات الارباح في الشركات الصناعية المدرجة في بورصة عمان = The Effect of Net Cash Flows on Dividends in Industrial companies listed on the Amman Stock Exchange / _cاعداد هديل محمود الدباس ؛ اشراف ليث عبدالله العريان |
|
| 260 | _c2023 | ||
| 300 | _a54ورقة | ||
| 336 |
_atext _btxt _2rdacontent |
||
| 337 |
_aunmediated _bn _2rdamedia |
||
| 338 |
_avolume _bnc _2rdacarrier |
||
| 500 | _a رسالة جامعية (ماجستير) .- جامعة عجلون الوطنية (عجلون، الأردن)، كلية الاعمال ، تخصص المحاسبة ، 2023 | ||
| 650 | 7 | 0 |
_aالشركات الصناعية - الارباح - الاردن _965224 |
| 700 | 1 |
_aالعريان، ليث عبدالله محمد _eمشرف _965074 |
|
| 942 |
_2lcc _cTHS |
||
| 999 |
_c32856 _d32856 |
||